000 01805cam a22004574i 4500
003 PE-LiUPU
005 20250731173059.0
008 150623s2000 xxc rb 000 0 eng d
020 _a9781578470631
035 _a(Sirsi) a24444
040 _aPE-LiUPU
_bspa
_cPE-LiUPU
_erda
050 1 _aBX6154.5
_b.N49 C74
082 0 4 _a286.732
_bC85
_221
100 1 _aCress, James A.,
_d1949-,
_eautor.
245 1 0 _aYou can keep them if you care :
_bhelping new members stay on board /
_cJames A. Cress.
264 1 _aOshawa, Ontario :
_bGeneral Conference Ministerial Association Resource Center,
_c2000.
300 _a143 páginas ;
_c21 centímetros
336 _atext
_2rdacontent
337 _aunmediated
_2rdamedia
338 _avolume
_2rdacarrier
504 _aIncluye bibliografía.
505 0 _aConversion is a process, not an event. -Strategies for keeping new members. -particular sociological issues unique to marietta. -Practical, doable plans.
526 _aSEG42
526 _aSEG41
526 _aSEG40
526 _aSEG39
526 _aP94
526 _aP87
526 _aP86
526 _aP85
526 _aP77
526 _aP76
526 _aP35
610 2 _aIASD
_xMembresía.
942 _2ddc
_cBOOK
949 _aBX6154.5.N49 C74 2000
_wDEWEY
_c1
_CW48756
_lCCODEBUL1
_mBUL
_p10.00
_r0
_sY
_tBOOK
_u2015-06-24
_xTEOLOGIA
_PP35
_0COMPRA
_o.STAFF. Colección General
596 _a1 4
999 _a286.732 C85
_wDEWEY
_c27923
_i48756
_d27923
_e2017-5-25
_f2021-11-11
_g6
_lCCODEBUL1
_mBUL
_n5
_p5.00
_r0
_sY
_tBOOK
_u2015-6-24
_xTEOLOGIA
_PP35
_0COMPRA
_o.STAFF. Colección Teología
999 _a253.7 C85
_wDEWEY
_c1
_iCW25245
_f2021-12-22
_g2
_lCCODECWL1
_mBWL
_p10.00
_r0
_sY
_tBOOK
_u2015-10-20
_xWHITE
_PP35
_o.STAFF. Centro White
980 _81
_gALBERTO SANCHEZ Responsable de Automatización